|
|
|
|
| LEADER |
01112naa a2200277 i 4500 |
| 001 |
acta73034 |
| 005 |
20230222142129.0 |
| 008 |
210714s2018 hu o 1|| eng d |
| 020 |
|
|
|a 978-963-306-589-1
|
| 040 |
|
|
|a SZTE Egyetemi Kiadványok Repozitórium
|b hun
|
| 041 |
|
|
|a eng
|
| 100 |
1 |
|
|a Vigneshwari Aruna
|
| 245 |
1 |
0 |
|a Antimicrobial activities of the secondary metabolites of endophytic fungi isolated from Juniperus communis
|h [elektronikus dokumentum] /
|c Vigneshwari Aruna
|
| 260 |
|
|
|c 2018
|
| 300 |
|
|
|a 95-96
|
| 490 |
0 |
|
|a Wellmann International Scientific Conference
|
| 650 |
|
4 |
|a Természettudományok
|
| 650 |
|
4 |
|a Biológiai tudományok
|
| 695 |
|
|
|a Mikrobiológia - előadáskivonat, Növénybiológia - előadáskivonat
|
| 700 |
0 |
1 |
|a Abbas Lubna
|e aut
|
| 700 |
0 |
1 |
|a Bakacsy László
|e aut
|
| 700 |
0 |
1 |
|a Škrbić Biljana
|e aut
|
| 700 |
0 |
1 |
|a Vágvölgyi Csaba
|e aut
|
| 700 |
0 |
1 |
|a Szekeres András
|e aut
|
| 711 |
|
|
|a Wellmann International Scientific Conference (16.)
|c Hódmezővásárhely
|d 2018
|
| 856 |
4 |
0 |
|u http://acta.bibl.u-szeged.hu/73034/1/wellmann_abstracts_2018_095-096.pdf
|z Dokumentum-elérés
|